[Event "Nordsjalland Weekend op-B"]
[Site "Allerod"]
[Date "2023.01.06"]
[Round "1"]
[White "Olsen, Michael Richard W"]
[Black "Lauritsen, Martin Lee"]
[Result "0-1"]
[WhiteElo "2120"]
[BlackElo "2058"]
[PlyCount "70"]
[EventDate "2023.01.06"]
[EventType "swiss"]
[EventRounds "5"]
[EventCountry "DEN"]
[SourceTitle "EXT 2024"]
[Source "ChessBase"]
[SourceDate "2023.10.10"]
[SourceVersion "1"]
[SourceVersionDate "2023.10.10"]
[SourceQuality "1"]

1. e4 c5 2. Nf3 Nc6 3. d4 cxd4 4. Nxd4 e5 5. Nf3 Nf6 6. Nc3 Bb4 7. Bg5 Bxc3+ 8. bxc3 Qa5 9. Bxf6 Qxc3+ 10. Nd2 gxf6 11. Bc4 Rg8 12. 0-0 Nd4 13. Bd3 Qxd2 14. Qxd2 Nf3+ 15. Kh1 Nxd2 16. Rfd1 Nxe4 17. Bxe4 h6 18. Rd6 Ke7 19. Rad1 Rd8 20. c4 a5 21. c5 a4 22. h4 Ra5 23. R6d5 Rb5 24. a3 Rb3 25. f4 Re3 26. Bc2 Ke6 27. Rd6+ Ke7 28. R6d5 exf4 29. R1d4 Rg8 30. Rxf4 Rxa3 31. Bxa4 Ra2 32. Re4+ Kd8 33. g4 Kc7 34. Red4 Re8 35. Bd1 Re1# 0-1

[Event "Helsingor Hojstrupgaard op"]
[Site "Helsingor"]
[Date "2021.07.25"]
[Round "4"]
[White "Olsen, Michael Richard W"]
[Black "Jorgensen, Dennis"]
[Result "0-1"]
[WhiteElo "2107"]
[BlackElo "2132"]
[PlyCount "104"]
[EventDate "2021.07.23"]
[EventType "swiss"]
[EventRounds "5"]
[EventCountry "DEN"]
[SourceTitle "CBM 203 Extra"]
[Source "ChessBase"]
[SourceDate "2021.09.30"]
[SourceVersion "1"]
[SourceVersionDate "2021.09.30"]
[SourceQuality "1"]

1. e4 g6 2. Nf3 Bg7 3. Nc3 d6 4. Bc4 Nf6 5. d3 0-0 6. h3 c6 7. Be3 Nbd7 8. a4 b6 9. Qd2 Bb7 10. Ba2 a6 11. 0-0 Qc7 12. Rad1 b5 13. Nh4 d5 14. f4 b4 15. Ne2 c5 16. e5 d4 17. Bf2 Nd5 18. c3 bxc3 19. bxc3 dxc3 20. Nxc3 Nxc3 21. Qxc3 e6 22. Nf3 Bxf3 23. gxf3 Bh6 24. Bg3 Rfc8 25. h4 Rab8 26. h5 Rb4 27. hxg6 hxg6 28. Bc4 Nb6 29. Rf2 Nxa4 30. Qc1 Qb7 31. Kg2 Nb2 32. Rh1 Bg7 33. Bxa6 Qxa6 34. Rxb2 Rxb2+ 35. Qxb2 Qxd3 36. Qb7 Qd2+ 37. Kh3 Rd8 38. Kg4 Qd4 39. Re1 Qd3 40. Bh4 Qd7 41. Qb2 Ra8 42. Rh1 Qd3 43. Be7 c4 44. Qh2 Qf5+ 45. Kg3 g5 46. Bxg5 Bxe5 47. Qh4 Bg7 48. Be7 Qg6+ 49. Kh3 Ra5 50. Bg5 f6 51. Rd1 fxg5 52. Rd8+ Bf8 0-1

[Event "Helsingor Hojstrupgaard op"]
[Site "Helsingor"]
[Date "2021.07.24"]
[Round "3"]
[White "Bergner, Philipp"]
[Black "Olsen, Michael Richard W"]
[Result "0-1"]
[WhiteElo "2083"]
[BlackElo "2107"]
[PlyCount "154"]
[EventDate "2021.07.23"]
[EventType "swiss"]
[EventRounds "5"]
[EventCountry "DEN"]
[SourceTitle "CBM 203 Extra"]
[Source "ChessBase"]
[SourceDate "2021.09.30"]
[SourceVersion "1"]
[SourceVersionDate "2021.09.30"]
[SourceQuality "1"]

1. d4 d5 2. c4 c6 3. cxd5 cxd5 4. Nc3 Nf6 5. Bf4 a6 6. e3 Nc6 7. Be2 e6 8. Rc1 Be7 9. h3 Bd7 10. Nf3 b5 11. 0-0 0-0 12. Bd3 Nh5 13. Bh2 f5 14. Ne5 Nxe5 15. Bxe5 Nf6 16. Qe2 b4 17. Nb1 Qb6 18. Rc2 Rfc8 19. Rfc1 Rxc2 20. Rxc2 Rc8 21. Rxc8+ Bxc8 22. Nd2 Nd7 23. Bg3 Qc6 24. Nb3 Bd8 25. Bf4 Bb7 26. Kf1 h6 27. Ke1 Qc8 28. Qh5 Nf6 29. Qg6 Kh8 30. g4 Bc6 31. gxf5 Be8 32. Qg2 exf5 33. Be5 Bf7 34. Qf3 Ne4 35. Bxe4 dxe4 36. Qg3 Bg5 37. Nc5 Qc6 38. h4 Bf6 39. Bxf6 Qxf6 40. b3 Kh7 41. Kd2 Bh5 42. Qf4 Bg4 43. Qg3 Qb6 44. Nxe4 Qa5 45. f3 Qxa2+ 46. Kc1 Qa1+ 47. Kc2 fxe4 48. Qxg4 Qc3+ 49. Kd1 Qxb3+ 50. Ke2 Qc2+ 51. Ke1 exf3 52. Qxf3 b3 53. e4 Qb1+ 54. Kf2 Qb2+ 55. Kg3 Qxd4 56. Qf5+ g6 57. Qf7+ Qg7 58. Qxb3 Qc7+ 59. Kf3 h5 60. Qa4 Qb7 61. Kf4 Qc8 62. Ke3 Qh3+ 63. Kd4 Qxh4 64. Qxa6 Qf2+ 65. Kd5 h4 66. Qb7+ Kh6 67. Qc8 Qd2+ 68. Ke5 Qg5+ 69. Kd6 Qg3+ 70. e5 h3 71. Qh8+ Kg5 72. Qd8+ Kf5 73. Qc8+ Kg5 74. Qd8+ Kf4 75. e6 Qd3+ 76. Ke7 Qxd8+ 77. Kxd8 h2 0-1

[Event "Copenhagen Bronshoj op"]
[Site "Copenhagen"]
[Date "2017.02.15"]
[Round "6"]
[White "Jorgensen, Orla Eilegaard"]
[Black "Olsen, Michael Richard W"]
[Result "0-1"]
[WhiteElo "1678"]
[BlackElo "1986"]
[PlyCount "108"]
[EventDate "2017.02.10"]
[EventType "swiss"]
[EventRounds "7"]
[EventCountry "DEN"]
[SourceTitle "CBM 176 Extra"]
[Source "ChessBase"]
[SourceDate "2017.03.02"]
[SourceVersion "1"]
[SourceVersionDate "2017.03.02"]
[SourceQuality "1"]

1. e4 d5 2. exd5 Qxd5 3. d4 c6 4. Nf3 Nf6 5. c4 Qd8 6. Nc3 e6 7. a3 a5 8. Bd3 Be7 9. 0-0 Nbd7 10. Re1 Nf8 11. Qc2 Ng6 12. Ne2 Qc7 13. Ng3 Bd7 14. Ne5 c5 15. Nf3 Bc6 16. Ne4 cxd4 17. Nxd4 Rd8 18. Nxc6 bxc6 19. Bg5 Ng4 20. g3 N4e5 21. Be2 Bxg5 22. Nxg5 Qe7 23. Nf3 0-0 24. Nxe5 Nxe5 25. Rad1 Qc5 26. Rxd8 Rxd8 27. Rd1 Rxd1+ 28. Qxd1 g6 29. Qc2 Qd4 30. b3 Qa1+ 31. Kg2 Qxa3 32. f4 Nd7 33. Qd3 Qe7 34. Bf3 Nc5 35. Qc3 Qc7 36. b4 axb4 37. Qxb4 Nb7 38. Qa4 Nd8 39. Qa8 Kg7 40. Qa1+ f6 41. Qa6 c5 42. Qb5 Qd6 43. Qe8 Nf7 44. Qb5 Qd2+ 45. Kh3 Qf2 46. Bg2 g5 47. Qc6 gxf4 48. gxf4 Qxf4 49. Bh1 Qxc4 50. Qg2+ Ng5+ 51. Kg3 Qd3+ 52. Kf2 Qd2+ 53. Kf1 Qxg2+ 54. Bxg2 f5 0-1

[Event "Copenhagen Bronshoj op"]
[Site "Copenhagen"]
[Date "2017.02.11"]
[Round "2"]
[White "Kokholm, Daniel"]
[Black "Olsen, Michael Richard W"]
[Result "0-1"]
[WhiteElo "1858"]
[BlackElo "1986"]
[PlyCount "66"]
[EventDate "2017.02.10"]
[EventType "swiss"]
[EventRounds "7"]
[EventCountry "DEN"]
[SourceTitle "CBM 176 Extra"]
[Source "ChessBase"]
[SourceDate "2017.03.02"]
[SourceVersion "1"]
[SourceVersionDate "2017.03.02"]
[SourceQuality "1"]

1. e4 d5 2. Nc3 dxe4 3. Nxe4 Nf6 4. Ng3 h5 5. Bc4 h4 6. Nf1 Qd4 7. Qe2 h3 8. g3 Nc6 9. c3 Qb6 10. a4 Na5 11. Ba2 Nb3 12. Bxb3 Qxb3 13. Qb5+ Qxb5 14. axb5 Rh5 15. c4 e5 16. Ne3 Bc5 17. f3 Be6 18. b3 0-0-0 19. Ke2 Bd4 20. Ra2 Nd7 21. Ba3 Nc5 22. Bxc5 Bxc5 23. g4 Rh7 24. d3 g6 25. Rd2 f5 26. gxf5 gxf5 27. Nc2 f4 28. b4 Bf8 29. c5 Rhd7 30. Ne1 Bf5 31. Kf2 Be7 32. Ne2 Bh4+ 33. Kf1 Bxd3 0-1

[Event "Copenhagen OeBRO op"]
[Site "Copenhagen"]
[Date "2016.12.27"]
[Round "2"]
[White "Haubro, Martin"]
[Black "Olsen, Michael Richard W"]
[Result "1-0"]
[WhiteElo "2353"]
[BlackElo "2043"]
[PlyCount "59"]
[EventDate "2016.12.27"]
[EventType "swiss"]
[EventRounds "7"]
[EventCountry "DEN"]
[SourceTitle "CBM 176 Extra"]
[Source "ChessBase"]
[SourceDate "2017.03.02"]
[SourceVersion "1"]
[SourceVersionDate "2017.03.02"]
[SourceQuality "1"]

1. e4 d5 2. exd5 Qxd5 3. Nc3 Qd8 4. Nf3 Nf6 5. Bc4 e6 6. d4 Nbd7 7. 0-0 Nb6 8. Bd3 Bd6 9. Ne2 0-0 10. c4 c5 11. b4 cxd4 12. c5 e5 13. cxd6 e4 14. Bxe4 Nxe4 15. Qxd4 Nxd6 16. Rd1 Qe8 17. Qxd6 Qxe2 18. Be3 Bg4 19. Rd2 Qa6 20. Ne5 Be6 21. Rc1 Qa3 22. Rc7 Bxa2 23. h4 Rfe8 24. h5 h6 25. Ng4 Be6 26. Nxh6+ gxh6 27. Qg3+ Kh7 28. Qg6+ Kh8 29. Bd4+ f6 30. Bxf6# 1-0

[Event "Bronshoj Autumn A"]
[Site "Bronshoj"]
[Date "2015.10.22"]
[Round "1"]
[White "Petersen, Steen Brustrup"]
[Black "Olsen, Michael Richard W"]
[Result "1-0"]
[WhiteElo "2052"]
[BlackElo "2079"]
[PlyCount "65"]
[EventDate "2015.10.22"]
[EventType "tourn"]
[EventRounds "5"]
[EventCountry "DEN"]
[SourceTitle "EXT 2024"]
[Source "ChessBase"]
[SourceDate "2023.10.10"]
[SourceVersion "1"]
[SourceVersionDate "2023.10.10"]
[SourceQuality "1"]

1. c4 e5 2. g3 Bc5 3. Bg2 Nc6 4. Nc3 d6 5. e3 Bd7 6. Nge2 a6 7. 0-0 Nh6 8. a3 Ba7 9. b4 0-0 10. Nd5 Nf5 11. Nec3 Nb8 12. e4 Nd4 13. d3 c6 14. Ne3 Be6 15. Kh1 Qc8 16. f4 f5 17. exf5 Nxf5 18. Nxf5 Bxf5 19. Ne4 Qd7 20. fxe5 Bd4 21. e6 Bxe6 22. Rxf8+ Kxf8 23. Rb1 Kg8 24. Bb2 Bxb2 25. Rxb2 Bf5 26. Qh5 Bg6 27. Qg5 b6 28. Rf2 Ra7 29. Qf4 Qe7 30. Nxd6 Rd7 31. Nc8 Qd8 32. Qxb8 Bxd3 33. Ne7+ 1-0

[Event "Politiken Cup 37th"]
[Site "Helsingor"]
[Date "2015.07.31"]
[Round "8"]
[White "Undheim, Bjarne"]
[Black "Olsen, Michael Richard W"]
[Result "1/2-1/2"]
[WhiteElo "1899"]
[BlackElo "2070"]
[PlyCount "107"]
[EventDate "2015.07.25"]
[EventType "swiss"]
[EventRounds "10"]
[EventCountry "DEN"]
[SourceTitle "CBM 167 Extra"]
[Source "ChessBase"]
[SourceDate "2015.09.14"]
[SourceVersion "1"]
[SourceVersionDate "2015.09.14"]
[SourceQuality "1"]

1. e4 e6 2. d4 d5 3. Nd2 Nf6 4. e5 Nfd7 5. Ngf3 c5 6. c3 Nc6 7. Bd3 Be7 8. 0-0 Qb6 9. dxc5 Nxc5 10. Bc2 Qc7 11. Re1 b6 12. Nb3 Nxb3 13. axb3 Bb7 14. Qe2 h6 15. Nd4 Nxd4 16. cxd4 Bc6 17. Bd2 Qd7 18. Bd3 0-0-0 19. Ra2 Kb8 20. Rea1 a5 21. b4 axb4 22. Qd1 Bb7 23. Qb3 Rc8 24. Bxb4 Bxb4 25. Qxb4 Qc6 26. Kf1 f6 27. exf6 gxf6 28. Qe7 Qc7 29. Qa3 Qf4 30. Qb4 Rc1+ 31. Rxc1 Qxc1+ 32. Ke2 Qc7 33. Ra3 Rd8 34. Rc3 Qd6 35. Qxd6+ Rxd6 36. f4 e5 37. fxe5 fxe5 38. dxe5 Re6 39. Ke3 Rxe5+ 40. Kd4 Rh5 41. h3 Rh4+ 42. Ke5 b5 43. Rc2 b4 44. Kd6 Rd4 45. Bf1 Rf4 46. Bb5 h5 47. Rd2 b3 48. Kc5 Ka7 49. Re2 h4 50. Rd2 Kb8 51. Re2 Ka7 52. Rd2 Kb8 53. Re2 Ka7 54. Rd2 1/2-1/2

[Event "Politiken Cup 37th"]
[Site "Helsingor"]
[Date "2015.07.26"]
[Round "3"]
[White "Jensen, Tommy"]
[Black "Olsen, Michael Richard W"]
[Result "1/2-1/2"]
[WhiteElo "1821"]
[BlackElo "2070"]
[PlyCount "47"]
[EventDate "2015.07.25"]
[EventType "swiss"]
[EventRounds "10"]
[EventCountry "DEN"]
[SourceTitle "CBM 167 Extra"]
[Source "ChessBase"]
[SourceDate "2015.09.14"]
[SourceVersion "1"]
[SourceVersionDate "2015.09.14"]
[SourceQuality "1"]

1. Nf3 Nf6 2. d4 e6 3. Bg5 Be7 4. e3 b6 5. g3 Bb7 6. Bg2 h6 7. Bxf6 Bxf6 8. 0-0 d5 9. Nbd2 Nd7 10. c4 0-0 11. Rc1 Be7 12. cxd5 exd5 13. Re1 f5 14. a3 Bd6 15. b4 Qe7 16. Nh4 Qf7 17. f4 Rab8 18. Nhf3 c6 19. Ne5 Nxe5 20. dxe5 Be7 21. Nf3 c5 22. bxc5 bxc5 23. Rb1 Bd8 24. Ng5 1/2-1/2

[Event "Copenhagen Challenge"]
[Site "Ballerup"]
[Date "2015.05.03"]
[Round "8"]
[White "Olsen, Michael Richard W"]
[Black "Kokholm, Daniel"]
[Result "1/2-1/2"]
[WhiteElo "2030"]
[BlackElo "1894"]
[PlyCount "91"]
[EventDate "2015.04.29"]
[EventType "swiss"]
[EventRounds "9"]
[EventCountry "DEN"]
[SourceTitle "CBM 166 Extra"]
[Source "ChessBase"]
[SourceDate "2015.06.18"]
[SourceVersion "1"]
[SourceVersionDate "2015.06.18"]
[SourceQuality "1"]

1. Nf3 Nc6 2. g3 e5 3. d3 d5 4. Bg2 f6 5. 0-0 Be6 6. Nbd2 Qd7 7. Re1 0-0-0 8. c3 Bh3 9. Bh1 h5 10. Qa4 g5 11. b4 Kb8 12. Nb3 Re8 13. Be3 a6 14. Na5 Nd8 15. Qxd7 Bxd7 16. Reb1 b6 17. Nb3 Be6 18. h4 g4 19. Ne1 Bh6 20. a4 Bxe3 21. fxe3 Nb7 22. a5 b5 23. e4 c6 24. d4 Ne7 25. dxe5 fxe5 26. Nd3 dxe4 27. Nxe5 Bxb3 28. Rxb3 Nd6 29. Rd1 Kc7 30. Rbb1 Nd5 31. Rxd5 cxd5 32. Ng6 Rh6 33. Nf4 Re5 34. e3 Kc6 35. Bg2 Rf5 36. Bf1 Re5 37. Rd1 Nf5 38. Kf2 Ne7 39. Be2 Nf5 40. Rd2 Ne7 41. Bd1 Rf5 42. Bb3 Rd6 43. Ke1 Re5 44. Bd1 Nf5 45. Kf2 Ng7 46. Ke1 1/2-1/2

[Event "Copenhagen Bronshoj op"]
[Site "Copenhagen"]
[Date "2015.02.08"]
[Round "4"]
[White "Jacobsen, Mikkel Manosri"]
[Black "Olsen, Michael Richard W"]
[Result "1-0"]
[WhiteElo "2145"]
[BlackElo "2003"]
[PlyCount "63"]
[EventDate "2015.02.06"]
[EventType "swiss"]
[EventRounds "7"]
[EventCountry "DEN"]
[SourceTitle "EXT 2016"]
[Source "ChessBase"]
[SourceDate "2015.10.08"]
[SourceVersion "1"]
[SourceVersionDate "2015.10.08"]
[SourceQuality "1"]

1. d4 a6 2. Bf4 Nf6 3. e3 g6 4. h3 Bg7 5. Nf3 d6 6. Be2 0-0 7. 0-0 Nbd7 8. c4 Nh5 9. Bh2 Bh8 10. Nc3 e6 11. b4 Qe7 12. Qb3 b6 13. a4 Bb7 14. a5 bxa5 15. Rxa5 Nhf6 16. Rfa1 Rfb8 17. R1a3 Ne8 18. Qa2 Qd8 19. Bg3 Bf6 20. e4 Qc8 21. h4 Bd8 22. c5 c6 23. R5a4 Bc7 24. d5 exd5 25. exd5 dxc5 26. dxc6 Bxc6 27. Ng5 Nef6 28. Qxf7+ Kh8 29. Bxc7 Qf8 30. Bxb8 cxb4 31. Qxf8+ Nxf8 32. Rxb4 1-0

[Event "Copenhagen Bronshoj op"]
[Site "Copenhagen"]
[Date "2015.02.06"]
[Round "1"]
[White "Olsen, Michael Richard W"]
[Black "Kyrkjebo, Marte Bakken"]
[Result "1-0"]
[WhiteElo "2003"]
[BlackElo "1630"]
[PlyCount "67"]
[EventDate "2015.02.06"]
[EventType "swiss"]
[EventRounds "7"]
[EventCountry "DEN"]
[SourceTitle "EXT 2016"]
[Source "ChessBase"]
[SourceDate "2015.10.08"]
[SourceVersion "1"]
[SourceVersionDate "2015.10.08"]
[SourceQuality "1"]

1. Nf3 d5 2. g3 Nf6 3. Bg2 c6 4. 0-0 Bg4 5. b3 Nbd7 6. Ba3 e6 7. Bxf8 Nxf8 8. Ne5 Bf5 9. d3 N8d7 10. Nxd7 Qxd7 11. Nd2 0-0 12. Qc1 a5 13. Qa3 b5 14. Rac1 a4 15. Qb4 Rfc8 16. h3 c5 17. Qh4 axb3 18. axb3 Ra2 19. Nf3 Qc7 20. Rfe1 Bg6 21. Nh2 c4 22. bxc4 bxc4 23. Qg5 h6 24. Qe3 Qa5 25. Nf3 Qc3 26. Nd4 Nd7 27. Nxe6 Rxc2 28. Nd4 Rxc1 29. Rxc1 Qa5 30. dxc4 dxc4 31. Nc6 Qc5 32. Qxc5 Nxc5 33. Ne7+ Kf8 34. Nxc8 1-0

[Event "Bronshoj-ch A"]
[Site "Bronshoj"]
[Date "2015.??.??"]
[Round "1"]
[White "Jorgensen, Rasmus"]
[Black "Olsen, Michael Richard W"]
[Result "0-1"]
[WhiteElo "2122"]
[BlackElo "2003"]
[PlyCount "80"]
[EventDate "2015.03.05"]
[EventType "tourn"]
[EventRounds "9"]
[EventCountry "DEN"]
[SourceTitle "EXT 2024"]
[Source "ChessBase"]
[SourceDate "2023.10.10"]
[SourceVersion "1"]
[SourceVersionDate "2023.10.10"]
[SourceQuality "1"]

1. d4 d6 2. c4 c5 3. d5 e5 4. Nc3 f5 5. e4 Nf6 6. exf5 Bxf5 7. Bd3 e4 8. Qe2 Qe7 9. Bc2 h6 10. Bf4 a6 11. h3 g5 12. Bh2 Bg7 13. g4 Bh7 14. f4 gxf4 15. Bxf4 0-0 16. Qh2 Ne8 17. Nge2 Nd7 18. 0-0-0 b5 19. Qg3 b4 20. Na4 Ne5 21. g5 h5 22. Bxe5 Bxe5 23. Qh4 Bg6 24. Kb1 Ng7 25. Rhf1 Rxf1 26. Rxf1 Rf8 27. Rxf8+ Qxf8 28. Qe1 Qf3 29. h4 Qe3 30. Qf1 Nf5 31. Nb6 Qf3 32. Qe1 Ne3 33. Ng1 Nxc2 34. Nxf3 Nxe1 35. Nxe1 Bg3 36. Ng2 Bf5 37. Ne3 Bh3 38. Kc2 Bxh4 39. Na8 Bxg5 40. Nd1 e3 0-1

[Event "Bronshoj-ch A"]
[Site "Bronshoj"]
[Date "2015.??.??"]
[Round "5"]
[White "Kistrup, Nicolai"]
[Black "Olsen, Michael Richard W"]
[Result "1-0"]
[WhiteElo "2079"]
[BlackElo "2003"]
[PlyCount "45"]
[EventDate "2015.03.05"]
[EventType "tourn"]
[EventRounds "9"]
[EventCountry "DEN"]
[SourceTitle "EXT 2024"]
[Source "ChessBase"]
[SourceDate "2023.10.10"]
[SourceVersion "1"]
[SourceVersionDate "2023.10.10"]
[SourceQuality "1"]

1. d4 c5 2. d5 e5 3. Nc3 a6 4. a4 d6 5. e4 Be7 6. Nf3 Nf6 7. Be2 0-0 8. 0-0 b6 9. Nd2 Bb7 10. Nc4 b5 11. axb5 axb5 12. Rxa8 Bxa8 13. Nxb5 Nxe4 14. f4 exf4 15. Bxf4 Bb7 16. Qd3 Ba6 17. Qxe4 Bxb5 18. Bd3 g6 19. Bh6 f5 20. Qe6+ Rf7 21. Nxd6 Qxd6 22. Bxb5 Bf8 23. Be8 1-0

[Event "Bronshoj-ch A"]
[Site "Bronshoj"]
[Date "2015.??.??"]
[Round "2"]
[White "Olsen, Michael Richard W"]
[Black "Jacobsen, Mikkel Manosri"]
[Result "0-1"]
[WhiteElo "2003"]
[BlackElo "2145"]
[PlyCount "46"]
[EventDate "2015.03.05"]
[EventType "tourn"]
[EventRounds "9"]
[EventCountry "DEN"]
[SourceTitle "EXT 2024"]
[Source "ChessBase"]
[SourceDate "2023.10.10"]
[SourceVersion "1"]
[SourceVersionDate "2023.10.10"]
[SourceQuality "1"]

1. Nf3 d5 2. g3 c6 3. Bg2 Bg4 4. h3 Bxf3 5. exf3 e6 6. 0-0 h5 7. d4 h4 8. g4 Bd6 9. Be3 Ne7 10. Nc3 Ng6 11. Ne2 Qc7 12. Qd2 0-0 13. b3 f5 14. c4 Nd7 15. c5 Be7 16. Nf4 Nxf4 17. Bxf4 e5 18. Bxe5 Nxe5 19. dxe5 Bxc5 20. f4 fxg4 21. hxg4 Qe7 22. f5 Qxe5 23. Rae1 Qg3 0-1

[Event "Politiken Cup 36th"]
[Site "Helsingor"]
[Date "2014.07.29"]
[Round "10"]
[White "Olsen, Michael Richard W"]
[Black "Kaasen, Tor Fredrik"]
[Result "1/2-1/2"]
[WhiteElo "1990"]
[BlackElo "1676"]
[PlyCount "34"]
[EventDate "2014.07.21"]
[EventType "swiss"]
[EventRounds "10"]
[EventCountry "DEN"]
[SourceTitle "CBM 161 Extra"]
[Source "ChessBase"]
[SourceDate "2014.08.29"]
[SourceVersion "1"]
[SourceVersionDate "2014.08.29"]
[SourceQuality "1"]

1. e4 c5 2. Nf3 e6 3. d3 d5 4. exd5 exd5 5. Be2 Nf6 6. 0-0 Be7 7. Bf4 0-0 8. Nc3 d4 9. Ne4 Nd5 10. Bd2 f5 11. Ng3 f4 12. Ne4 g5 13. c4 dxc3 14. bxc3 Nc6 15. Kh1 g4 16. Ne1 h5 17. Bc1 Bf5 1/2-1/2

[Event "Politiken Cup 36th"]
[Site "Helsingor"]
[Date "2014.07.27"]
[Round "8"]
[White "Olsen, Michael Richard W"]
[Black "Jorgensen, Dennis"]
[Result "0-1"]
[WhiteElo "1990"]
[BlackElo "2216"]
[PlyCount "80"]
[EventDate "2014.07.21"]
[EventType "swiss"]
[EventRounds "10"]
[EventCountry "DEN"]
[SourceTitle "CBM 161 Extra"]
[Source "ChessBase"]
[SourceDate "2014.08.29"]
[SourceVersion "1"]
[SourceVersionDate "2014.08.29"]
[SourceQuality "1"]

1. d3 d5 2. Nd2 e5 3. Ngf3 Nc6 4. e4 Nf6 5. Be2 Be7 6. 0-0 0-0 7. c3 a5 8. Qc2 Re8 9. a3 a4 10. Rd1 Bc5 11. Nf1 Qe7 12. Be3 dxe4 13. dxe4 Be6 14. N3d2 Ng4 15. Bxg4 Bxg4 16. Re1 Red8 17. b4 axb3 18. Qxb3 Na5 19. Qb2 b6 20. a4 Rd3 21. Qb5 Rxc3 22. Qb2 Bd4 23. Bxd4 exd4 24. Nb1 Rc4 25. Nfd2 Rb4 26. Qa3 c5 27. Qg3 Bd7 28. f4 c4 29. Nf3 c3 30. Ne5 Rxa4 31. Nxc3 dxc3 32. Rad1 Qc5+ 33. Kh1 Be8 34. Rd3 Rc8 35. Qh4 Rxe4 36. Rxe4 c2 37. h3 c1Q+ 38. Re1 Q1c2 39. Rg3 Qf5 40. Rg5 Qxg5 0-1

[Event "Politiken Cup 36th"]
[Site "Helsingor"]
[Date "2014.07.25"]
[Round "6"]
[White "Olsen, Michael Richard W"]
[Black "Pedersen, Carl Aage"]
[Result "1-0"]
[WhiteElo "1990"]
[BlackElo "1769"]
[PlyCount "74"]
[EventDate "2014.07.21"]
[EventType "swiss"]
[EventRounds "10"]
[EventCountry "DEN"]
[SourceTitle "CBM 161 Extra"]
[Source "ChessBase"]
[SourceDate "2014.08.29"]
[SourceVersion "1"]
[SourceVersionDate "2014.08.29"]
[SourceQuality "1"]

1. e4 c5 2. Nf3 d6 3. Bc4 Nc6 4. 0-0 g6 5. c3 Nf6 6. Qc2 Bg7 7. d4 cxd4 8. cxd4 0-0 9. Nc3 a6 10. Bg5 b5 11. Be2 Bb7 12. Rad1 h6 13. Bh4 Rc8 14. Qb1 b4 15. Nd5 e6 16. Ne3 g5 17. Bg3 Nh5 18. d5 Nxg3 19. hxg3 exd5 20. exd5 Ne5 21. Nxe5 Bxe5 22. Qf5 Qf6 23. Qd7 Rb8 24. b3 Rfd8 25. Qh3 Bc8 26. Bg4 Bxg4 27. Nxg4 Qg6 28. f4 Bg7 29. f5 Qh7 30. f6 Bf8 31. Ne3 Qg6 32. Qf5 Kh7 33. g4 h5 34. gxh5 Qxf5 35. Nxf5 Re8 36. Rfe1 g4 37. Kf2 Bh6 1-0

[Event "Politiken Cup 36th"]
[Site "Helsingor"]
[Date "2014.07.24"]
[Round "5"]
[White "Hoiberg, Nina"]
[Black "Olsen, Michael Richard W"]
[Result "1-0"]
[WhiteElo "2224"]
[BlackElo "1990"]
[PlyCount "85"]
[EventDate "2014.07.21"]
[EventType "swiss"]
[EventRounds "10"]
[EventCountry "DEN"]
[SourceTitle "CBM 161 Extra"]
[Source "ChessBase"]
[SourceDate "2014.08.29"]
[SourceVersion "1"]
[SourceVersionDate "2014.08.29"]
[SourceQuality "1"]

1. e4 d5 2. exd5 c6 3. dxc6 Nxc6 4. Nf3 Nf6 5. Nc3 g6 6. h3 Bg7 7. Bc4 0-0 8. 0-0 a6 9. a4 Na5 10. Ba2 Qd6 11. d3 Bd7 12. Be3 b5 13. Qd2 b4 14. Ne2 Rfc8 15. c4 Nc6 16. Rad1 e5 17. b3 Ne8 18. d4 e4 19. Bf4 exf3 20. Bxd6 fxe2 21. Qxe2 Nxd6 22. d5 Nb8 23. Bb1 Ra7 24. Qe3 Rac7 25. Qb6 Bf8 26. Rfe1 Bxa4 27. bxa4 Nxc4 28. Qd4 Bc5 29. Qg4 Nd6 30. Re2 Nd7 31. Re7 Nf6 32. Rxc7 Rxc7 33. Qf4 Nde8 34. Ba2 Bd6 35. Qf3 Rc2 36. Bb1 Rc3 37. Qe2 Nc7 38. Be4 Ra3 39. g3 Rxa4 40. Bc2 Ra2 41. Qc4 Ra3 42. Qc6 Nb5 43. Bd3 1-0

[Event "Copenhagen Whitsun op"]
[Site "Copenhagen"]
[Date "2014.06.07"]
[Round "8"]
[White "Olsen, Michael Richard W"]
[Black "Andersen, Finn"]
[Result "0-1"]
[WhiteElo "1988"]
[BlackElo "2025"]
[PlyCount "64"]
[EventDate "2014.06.03"]
[EventType "swiss"]
[EventRounds "9"]
[EventCountry "DEN"]
[SourceTitle "EXT 2015"]
[Source "ChessBase"]
[SourceDate "2014.11.20"]
[SourceVersion "1"]
[SourceVersionDate "2014.11.20"]
[SourceQuality "1"]

1. e4 d6 2. Nf3 Nf6 3. c3 Nbd7 4. Qc2 e5 5. d4 Be7 6. Bc4 0-0 7. Nbd2 c6 8. Bb3 b6 9. 0-0 Qc7 10. Re1 Bb7 11. Qd3 a5 12. Nh4 g6 13. Qh3 d5 14. exd5 cxd5 15. f3 Nh5 16. Nf5 Bf6 17. Nf1 a4 18. Bd1 a3 19. Nh6+ Kh8 20. Rb1 exd4 21. bxa3 dxc3 22. Bc2 Nc5 23. Qg4 d4 24. Bg5 Rad8 25. Qxh5 Qd6 26. Bxf6+ Qxf6 27. Qe5 Qxe5 28. Rxe5 d3 29. Ne3 dxc2 30. Nxc2 Rd2 31. Rc1 Nd3 32. Ree1 Nxc1 0-1

[Event "Copenhagen BSF-B"]
[Site "Copenhagen"]
[Date "2014.03.30"]
[Round "4"]
[White "Olsen, Michael Richard W"]
[Black "Christensen, Esben"]
[Result "1/2-1/2"]
[WhiteElo "1962"]
[BlackElo "2033"]
[PlyCount "34"]
[EventDate "2014.03.28"]
[EventType "tourn"]
[EventRounds "5"]
[EventCountry "DEN"]
[SourceTitle "EXT 2016"]
[Source "ChessBase"]
[SourceDate "2015.10.08"]
[SourceVersion "1"]
[SourceVersionDate "2015.10.08"]
[SourceQuality "1"]

1. e4 c5 2. d4 cxd4 3. c3 Nf6 4. Qxd4 Nc6 5. Qa4 e6 6. Nd2 d5 7. Be2 Be7 8. Nh3 0-0 9. 0-0 dxe4 10. Nxe4 Nxe4 11. Qxe4 e5 12. Rd1 Qc7 13. Ng5 Bxg5 14. Bxg5 Be6 15. Bc4 Rae8 16. Bxe6 Rxe6 17. Rd3 Rg6 1/2-1/2